Visualizzazione normale
Vista MARC
- Williams
di Personal Name
Records bibliografici associati: 1
001 - CONTROL NUMBER
- control field: 13528
003 - CONTROL NUMBER IDENTIFIER
- control field: IT-RoPau
005 - DATE AND TIME OF LATEST TRANSACTION
- control field: 20140214122602.0
008 - FIXED-LENGTH DATA ELEMENTS
- fixed length control field: 140214|| aca||aabn | a|a d
040 ## - CATALOGING SOURCE
- Original cataloging agency: IT-RoPau
- Transcribing agency: IT-RoPau
100 ## - HEADING--PERSONAL NAME
- Personal name: Williams
- Dates associated with a name: Codice autore musica SPICS: 20150
- Relator term: Autore musica
- Name of part/section of a work: Rose Room
670 ## - SOURCE DATA FOUND
- Source citation: Work cat.: (IT-RoPau)99950: AA.VV. 794, Era dello swing (L')